| 000 | 00958nam a22002177a 4500 | ||
|---|---|---|---|
| 005 | 20251226111341.0 | ||
| 008 | th tha d | ||
| 020 | _a9749290577 | ||
| 040 | _aNALT | ||
| 041 | _atha | ||
| 050 |
_aGN 281 _bข929 |
||
| 245 | 1 | 0 |
_aไขปริศนากำเนิดมนุษย์ / _cคุณากร วาณิชย์วิรุฬห์ แปล |
| 260 |
_aกรุงเทพฯ : _bเนชั่นแนล จีโอกราฟฟิก, _cม.ป.ป. |
||
| 300 |
_a168 หน้า : _bภาพประกอบ ; _c28 ซม. |
||
| 650 | 0 |
_aมนุษย์ _xกำเนิดและบรรพบุรุษ _923676 |
|
| 650 | 0 |
_aวิวัฒนาการของมนุษย์ _923675 |
|
| 700 | 0 |
_aคุณากร วาณิชย์วิรุฬห์ _916853 |
|
| 850 | _aNALT | ||
| 942 |
_cGB _2lcc |
||
| 998 |
_j1020 _k นางจำเรียง ระวังสำโรง |
||
| 999 |
_c57343 _d57343 |
||